000 00405nam a2200145Ia 4500
999 _c9815
_d9815
003 OSt
005 20220304103104.0
008 220112s9999||||xx |||||||||||||| ||und||
020 _a9780863802454
082 _a624.0684
_bNES
100 _a Nesan, Lenin Jawahar, 1965-
245 0 _a Empowerment in construction : the way forward for performance improvement
260 _bResearch Studies Pre
942 _2ddc